[Event "Titled Tuesday intern op 27th Jun Late"]
[Site "Chess.com INT"]
[Date "2023.06.27"]
[Round "2"]
[White "Bluebaum, Matthias"]
[Black "Zamorano, Jorge Adrian"]
[Result "1-0"]
[WhiteElo "2672"]
[BlackElo "2339"]
[PlyCount "33"]
[EventDate "2023.06.27"]
[EventType "swiss (blitz)"]
[EventRounds "11"]
[EventCountry "USA"]
[SourceTitle "EXT 2024"]
[Source "ChessBase"]
[SourceDate "2023.10.10"]
[SourceVersion "1"]
[SourceVersionDate "2023.10.10"]
[SourceQuality "1"]

1. d4 Nf6 2. c4 e6 3. Nc3 Bb4 4. e3 0-0 5. Bd2 d5 6. Nf3 b6 7. cxd5 exd5 8. Rc1 a6 9. Bd3 Bb7 10. 0-0 Nbd7 11. Ne5 Re8 12. f4 Bxc3 13. Bxc3 Ne4 14. Bxe4 dxe4 15. Qb3 Nxe5 16. dxe5 Bd5 17. Qc2 1-0

[Event "Titled Tuesday intern op 28th Mar Late"]
[Site "Chess.com INT"]
[Date "2023.03.28"]
[Round "3"]
[White "Zamorano, Jorge Adrian"]
[Black "Bongo Akanga Ndjila, Barthelemy"]
[Result "1-0"]
[WhiteElo "2339"]
[BlackElo "1824"]
[PlyCount "45"]
[EventDate "2023.03.28"]
[EventType "swiss (blitz)"]
[EventRounds "11"]
[EventCountry "USA"]
[SourceTitle "EXT 2024"]
[Source "ChessBase"]
[SourceDate "2023.10.10"]
[SourceVersion "1"]
[SourceVersionDate "2023.10.10"]
[SourceQuality "1"]

1. e4 e6 2. d3 d5 3. Nd2 c5 4. Ngf3 Nf6 5. g3 Nc6 6. Bg2 d4 7. 0-0 e5 8. Nc4 Qc7 9. Nh4 Ng8 10. f4 Nge7 11. fxe5 Nxe5 12. Nxe5 Qxe5 13. Bf4 Qe6 14. Nf5 Nc6 15. Bh3 Qg6 16. c3 Be6 17. Qa4 0-0-0 18. cxd4 cxd4 19. Rac1 Bd7 20. Qxa7 Bxf5 21. Bxf5+ Qxf5 22. Rxc6+ bxc6 23. Qc7# 1-0

[Event "Titled Tuesday intern op 21st Mar Early"]
[Site "Chess.com INT"]
[Date "2023.03.21"]
[Round "5"]
[White "Gonzalez, Francisco Silva"]
[Black "Zamorano, Jorge Adrian"]
[Result "0-1"]
[WhiteElo "2021"]
[BlackElo "2339"]
[PlyCount "70"]
[EventDate "2023.03.21"]
[EventType "swiss (blitz)"]
[EventRounds "11"]
[EventCountry "USA"]
[SourceTitle "EXT 2024"]
[Source "ChessBase"]
[SourceDate "2023.10.10"]
[SourceVersion "1"]
[SourceVersionDate "2023.10.10"]
[SourceQuality "1"]

1. d4 Nf6 2. c4 e6 3. Nc3 Bb4 4. a3 Bxc3+ 5. bxc3 Nc6 6. e3 b6 7. Bd3 Ba6 8. e4 0-0 9. Nf3 Ne8 10. e5 f5 11. Bg5 Qc8 12. d5 Na5 13. Qe2 Nb3 14. Rd1 Nc5 15. dxe6 dxe6 16. 0-0 Rf7 17. Be3 Nxd3 18. Qxd3 h6 19. h4 c5 20. Rfe1 Bb7 21. Nd2 f4 22. Ne4 fxe3 23. Qxe3 Bxe4 24. Qxe4 Rf5 25. g4 Rf7 26. Rd3 Nc7 27. Rd6 Qf8 28. Rc6 Re8 29. Qg6 Ree7 30. Re2 Qe8 31. Rd6 Rf4 32. Qd3 Rxg4+ 33. Kf1 Qg6 34. Rd8+ Ne8 35. Qd7 Rg1# 0-1

[Event "Titled Tuesday intern op 21st Mar Late"]
[Site "Chess.com INT"]
[Date "2023.03.21"]
[Round "4"]
[White "Gonzalez, Francisco Silva"]
[Black "Zamorano, Jorge Adrian"]
[Result "0-1"]
[WhiteElo "2021"]
[BlackElo "2339"]
[PlyCount "102"]
[EventDate "2023.03.21"]
[EventType "swiss (blitz)"]
[EventRounds "11"]
[EventCountry "USA"]
[SourceTitle "EXT 2024"]
[Source "ChessBase"]
[SourceDate "2023.10.10"]
[SourceVersion "1"]
[SourceVersionDate "2023.10.10"]
[SourceQuality "1"]

1. d4 Nf6 2. c4 e6 3. Nc3 Bb4 4. a3 Bxc3+ 5. bxc3 Nc6 6. e3 b6 7. Bd3 Ba6 8. e4 0-0 9. Nf3 Ne8 10. e5 f5 11. Bg5 Qc8 12. 0-0 Na5 13. Qe2 h6 14. Be7 Rf7 15. Bb4 Nb7 16. a4 c5 17. Ba3 d5 18. cxd5 Bxd3 19. Qxd3 c4 20. Qc2 exd5 21. Nh4 Qe6 22. f4 g6 23. g4 Ng7 24. h3 Kh7 25. Qg2 Rg8 26. Kh2 Nd8 27. Rg1 fxg4 28. Qxg4 Qxg4 29. Rxg4 Nf5 30. Rag1 Nxh4 31. Rxh4 Ne6 32. Bc1 h5 33. Rg5 Nxg5 34. fxg5 Rf3 35. Rf4 Rxf4 36. Bxf4 Kg7 37. e6 Re8 38. Be5+ Kg8 39. Kg3 Rxe6 40. Kf4 Kf7 41. h4 Re8 42. Kf3 Ke6 43. Kf4 Rf8+ 44. Ke3 Rf1 45. Bb8 a6 46. Ba7 Rd1 47. Bxb6 Rd3+ 48. Kf4 Rxc3 49. a5 Rd3 50. Bc5 c3 51. Ba3 c2 0-1

[Event "Titled Tuesday intern op 21st Mar Late"]
[Site "Chess.com INT"]
[Date "2023.03.21"]
[Round "10"]
[White "Timofeev, Artyom"]
[Black "Zamorano, Jorge Adrian"]
[Result "1-0"]
[WhiteElo "2567"]
[BlackElo "2339"]
[PlyCount "75"]
[EventDate "2023.03.21"]
[EventType "swiss (blitz)"]
[EventRounds "11"]
[EventCountry "USA"]
[SourceTitle "EXT 2024"]
[Source "ChessBase"]
[SourceDate "2023.10.10"]
[SourceVersion "1"]
[SourceVersionDate "2023.10.10"]
[SourceQuality "1"]

1. e4 c5 2. Nf3 d6 3. d4 cxd4 4. Nxd4 Nf6 5. Nc3 a6 6. Be3 e5 7. Nf3 Be7 8. Bc4 0-0 9. 0-0 Be6 10. Qd3 Qc7 11. Bxe6 fxe6 12. Ng5 Qd7 13. Qc4 d5 14. exd5 exd5 15. Qb3 Nc6 16. Rad1 Rad8 17. Bb6 Nd4 18. Bxd4 exd4 19. Ne2 h6 20. Nf3 Bc5 21. Nexd4 Ne4 22. c3 Kh8 23. Qc2 Qg4 24. Ne5 Qh5 25. Nd3 Bd6 26. g3 Qh3 27. f3 Ng5 28. Qg2 Qd7 29. Rde1 Rf6 30. Kh1 Rdf8 31. Ne5 Qc7 32. Ng4 Rg6 33. Ne3 Qf7 34. f4 Ne4 35. Nxd5 Qxd5 36. Qxe4 Qh5 37. Kg2 Bc5 38. Ne6 1-0

[Event "Titled Tuesday intern op 21st Mar Early"]
[Site "Chess.com INT"]
[Date "2023.03.21"]
[Round "3"]
[White "Zamorano, Jorge Adrian"]
[Black "Bilan, Danila"]
[Result "1-0"]
[WhiteElo "2339"]
[BlackElo "2303"]
[PlyCount "82"]
[EventDate "2023.03.21"]
[EventType "swiss (blitz)"]
[EventRounds "11"]
[EventCountry "USA"]
[SourceTitle "EXT 2024"]
[Source "ChessBase"]
[SourceDate "2023.10.10"]
[SourceVersion "1"]
[SourceVersionDate "2023.10.10"]
[SourceQuality "1"]

1. e4 c6 2. Nf3 d5 3. Nc3 Bg4 4. Be2 e6 5. d4 Nf6 6. e5 Nfd7 7. Ng5 Bf5 8. Bd3 Bg6 9. Qf3 Qe7 10. Be3 Na6 11. 0-0 Bxd3 12. cxd3 h6 13. Nh3 g5 14. Qh5 Bg7 15. f4 gxf4 16. Rxf4 Rf8 17. Raf1 Nb4 18. Rg4 Bh8 19. Bxh6 0-0-0 20. Bxf8 Rxf8 21. Nf4 c5 22. Nb5 cxd4 23. Rc1+ Kb8 24. Nxd4 Bxe5 25. Nde2 Rh8 26. Qxh8+ Bxh8 27. Rg8+ Nf8 28. Rxh8 Nc6 29. d4 Kc7 30. h4 Qf6 31. Rxf8 Kd7 32. Rf1 Nxd4 33. Nxd4 Qe5 34. Rxf7+ Kd6 35. Nde2 Qxb2 36. h5 Qxa2 37. h6 Qb2 38. h7 Qb6+ 39. Rf2 Qb2 40. Rf8 Qa1+ 41. Rf1 Qd4+ 1-0

[Event "Titled Tuesday intern op 21st Mar Late"]
[Site "Chess.com INT"]
[Date "2023.03.21"]
[Round "3"]
[White "Zamorano, Jorge Adrian"]
[Black "Huber, Benedikt"]
[Result "1-0"]
[WhiteElo "2339"]
[BlackElo "2316"]
[PlyCount "53"]
[EventDate "2023.03.21"]
[EventType "swiss (blitz)"]
[EventRounds "11"]
[EventCountry "USA"]
[SourceTitle "EXT 2024"]
[Source "ChessBase"]
[SourceDate "2023.10.10"]
[SourceVersion "1"]
[SourceVersionDate "2023.10.10"]
[SourceQuality "1"]

1. e4 e6 2. d3 d5 3. Nd2 c5 4. Ngf3 Nc6 5. g3 Nf6 6. Bg2 Be7 7. 0-0 Qc7 8. Re1 0-0 9. e5 Nd7 10. Qe2 b5 11. Nf1 a5 12. Bf4 Ba6 13. h4 Rfc8 14. Ne3 Qd8 15. h5 h6 16. Ng4 Bf8 17. Qd2 b4 18. Rad1 Nb6 19. Nxh6+ gxh6 20. Bxh6 Bxh6 21. Qxh6 Qf8 22. Qf4 a4 23. c4 bxc3 24. bxc3 Kh7 25. Ng5+ Kg8 26. h6 Ra7 27. Qf6 1-0

[Event "Titled Tuesday intern op 14th Mar Late"]
[Site "Chess.com INT"]
[Date "2023.03.14"]
[Round "8"]
[White "Bazilius, Augustinas"]
[Black "Zamorano, Jorge Adrian"]
[Result "1/2-1/2"]
[WhiteElo "2089"]
[BlackElo "2339"]
[PlyCount "113"]
[EventDate "2023.03.14"]
[EventType "swiss (blitz)"]
[EventRounds "11"]
[EventCountry "USA"]
[SourceTitle "EXT 2024"]
[Source "ChessBase"]
[SourceDate "2023.10.10"]
[SourceVersion "1"]
[SourceVersionDate "2023.10.10"]
[SourceQuality "1"]

1. d4 Nf6 2. c4 e6 3. Nf3 b6 4. a3 Bb7 5. Nc3 d5 6. cxd5 Nxd5 7. e4 Nxc3 8. bxc3 Bxe4 9. Ne5 Bd6 10. Qg4 Bg6 11. Bb5+ Kf8 12. f4 Bxe5 13. fxe5 Qd5 14. a4 Qe4+ 15. Qxe4 Bxe4 16. Ba3+ Kg8 17. 0-0 Bc6 18. Rf2 Bxb5 19. axb5 Nd7 20. Raf1 f5 21. exf6 gxf6 22. Be7 f5 23. d5 Re8 24. dxe6 Rxe7 25. exd7 Rxd7 26. Rxf5 h6 27. Ra1 Kg7 28. Rxa7 Re8 29. h3 Re3 30. c4 Rc3 31. Rf4 h5 32. Kh2 Rc2 33. Kg3 Kg6 34. Ra8 Rd3+ 35. Kh2 Kg7 36. Rc8 Rdd2 37. Rxc7+ Kg8 38. Rc8+ Kg7 39. Rc7+ Kg6 40. Rc6+ Kg5 41. Re4 Rxg2+ 42. Kh1 Rh2+ 43. Kg1 Rhd2 44. Re1 Kh4 45. Rxb6 Rxc4 46. Rbe6 Rcc2 47. R6e4+ Kg5 48. Re5+ Kg6 49. Re6+ Kg5 50. R6e5+ Kg6 51. b6 Rb2 52. Re6+ Kg5 53. R6e5+ Kh4 54. R5e4+ Kg5 55. Re5+ Kg6 56. Re6+ Kg5 57. R6e5+ 1/2-1/2

[Event "Titled Tuesday intern op 14th Mar Early"]
[Site "Chess.com INT"]
[Date "2023.03.14"]
[Round "6"]
[White "Jaskolka, Tomasz"]
[Black "Zamorano, Jorge Adrian"]
[Result "0-1"]
[WhiteElo "2238"]
[BlackElo "2339"]
[PlyCount "56"]
[EventDate "2023.03.14"]
[EventType "swiss (blitz)"]
[EventRounds "11"]
[EventCountry "USA"]
[SourceTitle "EXT 2024"]
[Source "ChessBase"]
[SourceDate "2023.10.10"]
[SourceVersion "1"]
[SourceVersionDate "2023.10.10"]
[SourceQuality "1"]

1. e4 c5 2. Nf3 d6 3. b4 b6 4. c3 Bb7 5. bxc5 bxc5 6. e5 e6 7. exd6 Bxd6 8. Bb2 Nf6 9. d4 0-0 10. Bd3 cxd4 11. Nxd4 Bxg2 12. Rg1 Bb7 13. Nd2 Nc6 14. Nc4 Nxd4 15. cxd4 Bxh2 16. Rg5 h6 17. Rb5 Ba6 18. Rc5 Bd6 19. Nxd6 Qxd6 20. Bc2 Rab8 21. Ba3 Rfd8 22. Qf3 Qxd4 23. Rd1 Qh4 24. Ra5 Rxd1+ 25. Kxd1 Qd4+ 26. Kc1 Qa1+ 27. Kd2 Rd8+ 28. Ke3 Qd4# 0-1

[Event "Titled Tuesday intern op 14th Mar Early"]
[Site "Chess.com INT"]
[Date "2023.03.14"]
[Round "7"]
[White "Zamorano, Jorge Adrian"]
[Black "Vlassov, Nikolai"]
[Result "1/2-1/2"]
[WhiteElo "2339"]
[BlackElo "2283"]
[PlyCount "47"]
[EventDate "2023.03.14"]
[EventType "swiss (blitz)"]
[EventRounds "11"]
[EventCountry "USA"]
[SourceTitle "EXT 2024"]
[Source "ChessBase"]
[SourceDate "2023.10.10"]
[SourceVersion "1"]
[SourceVersionDate "2023.10.10"]
[SourceQuality "1"]

1. e4 Nc6 2. Nf3 d5 3. exd5 Qxd5 4. Nc3 Qa5 5. g3 Nf6 6. Bg2 e6 7. 0-0 Bb4 8. d4 0-0 9. Bd2 Rd8 10. a3 Bxc3 11. Bxc3 Qh5 12. Re1 Rb8 13. h3 b6 14. g4 Qb5 15. a4 Qa6 16. Qe2 Qxe2 17. Rxe2 Ba6 18. Ree1 Nd5 19. Bd2 Ndb4 20. Rac1 Na2 21. Rcd1 Nab4 22. Rc1 Na2 23. Rcd1 Nab4 24. Rc1 1/2-1/2

[Event "Titled Tuesday intern op 23rd Aug Early"]
[Site "Chess.com INT"]
[Date "2022.08.23"]
[Round "4"]
[White "Jovic, Stanoje"]
[Black "Zamorano, Jorge Adrian"]
[Result "1/2-1/2"]
[WhiteElo "2055"]
[BlackElo "2341"]
[PlyCount "89"]
[EventDate "2022.08.23"]
[EventType "swiss (blitz)"]
[EventRounds "11"]
[EventCountry "USA"]
[SourceTitle "EXT 2023"]
[Source "ChessBase"]
[SourceDate "2022.10.05"]
[SourceVersion "1"]
[SourceVersionDate "2022.10.05"]
[SourceQuality "1"]

1. c4 Nf6 2. g3 g6 3. Bg2 Bg7 4. Nc3 0-0 5. Nf3 d6 6. 0-0 Nc6 7. d3 Nh5 8. e4 Bg4 9. h3 Bxf3 10. Bxf3 Nf6 11. Be3 Nd7 12. Qd2 Nd4 13. Bg2 c5 14. f4 e6 15. Rab1 Rb8 16. b4 b6 17. b5 f5 18. a4 e5 19. Kh2 exf4 20. Bxf4 Ne5 21. Nd5 Qd7 22. a5 Rf7 23. axb6 axb6 24. Ra1 Nb3 25. Qe3 Nxa1 26. Rxa1 Nxc4 27. dxc4 Bxa1 28. exf5 gxf5 29. h4 Kh8 30. Bf3 Bd4 31. Qe2 Re8 32. Qd2 Qd8 33. Bg5 Qb8 34. Bh5 Ref8 35. Bxf7 Rxf7 36. Qe2 Be5 37. Qh5 Rg7 38. Qh6 Qa8 39. Qe6 Qa2+ 40. Kh3 Qf2 41. Nf4 Qf1+ 42. Kh2 Qf2+ 43. Kh3 Qf1+ 44. Kh2 Qf2+ 45. Kh3 1/2-1/2

[Event "Titled Tuesday intern op 23rd Aug Early"]
[Site "Chess.com INT"]
[Date "2022.08.23"]
[Round "3"]
[White "Zamorano, Jorge Adrian"]
[Black "Novikova, Galina"]
[Result "1-0"]
[WhiteElo "2341"]
[BlackElo "2073"]
[PlyCount "93"]
[EventDate "2022.08.23"]
[EventType "swiss (blitz)"]
[EventRounds "11"]
[EventCountry "USA"]
[SourceTitle "EXT 2023"]
[Source "ChessBase"]
[SourceDate "2022.10.05"]
[SourceVersion "1"]
[SourceVersionDate "2022.10.05"]
[SourceQuality "1"]

1. d4 Nf6 2. c4 e5 3. dxe5 Ng4 4. Bf4 Nc6 5. Nf3 Bb4+ 6. Nbd2 Qe7 7. a3 Ngxe5 8. Nxe5 Nxe5 9. e3 Bxd2+ 10. Qxd2 d6 11. Qc3 0-0 12. c5 Bf5 13. Be2 Ng6 14. cxd6 cxd6 15. Bg3 Rac8 16. Qd4 Rc6 17. 0-0 Rfc8 18. Rad1 Ne5 19. Rd2 a6 20. Rfd1 h6 21. h3 Bc2 22. Rc1 Bg6 23. Rxc6 Rxc6 24. Kh2 Qe6 25. Qb4 b5 26. b3 Kh7 27. e4 a5 28. Qxa5 Bxe4 29. Qxb5 Rc5 30. Qb4 Bg6 31. Qd4 Rc6 32. Bb5 Rc1 33. Qxd6 Qxb3 34. Qxe5 Qb1 35. Bf4 Rh1+ 36. Kg3 Qb3+ 37. f3 Qxa3 38. Qe3 Qa1 39. Bd3 Qf6 40. Bxg6+ Qxg6+ 41. Kf2 Qb1 42. Qd3+ Qxd3 43. Rxd3 Ra1 44. Rd2 Ra3 45. Be5 g5 46. Bd6 Kg6 47. Bxa3 1-0

[Event "Titled Tuesday intern op 16th Aug Late"]
[Site "Chess.com INT"]
[Date "2022.08.16"]
[Round "7"]
[White "Przybylski, Wojciech"]
[Black "Zamorano, Jorge Adrian"]
[Result "1-0"]
[WhiteElo "2321"]
[BlackElo "2341"]
[PlyCount "81"]
[EventDate "2022.08.16"]
[EventType "swiss (blitz)"]
[EventRounds "11"]
[EventCountry "USA"]
[SourceTitle "EXT 2023"]
[Source "ChessBase"]
[SourceDate "2022.10.05"]
[SourceVersion "1"]
[SourceVersionDate "2022.10.05"]
[SourceQuality "1"]

1. e4 c5 2. Nf3 d6 3. Bb5+ Bd7 4. Bxd7+ Qxd7 5. 0-0 Nc6 6. c4 g6 7. Nc3 Bg7 8. d3 Nf6 9. h3 0-0 10. Re1 a6 11. Be3 b5 12. cxb5 axb5 13. Nxb5 Qb7 14. a4 Ne8 15. Rb1 Nc7 16. Nc3 Ne6 17. Nd2 Rfb8 18. Nc4 Ned4 19. f4 Qb3 20. Bf2 Na5 21. Ne3 Ra7 22. Kh2 Qxd1 23. Rexd1 Rab7 24. Be1 Rxb2 25. Rxb2 Rxb2 26. Ncd5 Nac6 27. Kh1 e6 28. Nc3 Bf8 29. Nc4 Rb3 30. a5 Nb4 31. e5 d5 32. Nd6 Ra3 33. Ncb5 Nxb5 34. Nxb5 Rxa5 35. Nd6 Ra6 36. d4 Bxd6 37. exd6 Nc6 38. dxc5 Kg7 39. Rb1 Ra4 40. Rb6 Na5 41. d7 1-0

[Event "Titled Tuesday intern op 16th Aug Late"]
[Site "Chess.com INT"]
[Date "2022.08.16"]
[Round "3"]
[White "Wadsworth, Matthew J"]
[Black "Zamorano, Jorge Adrian"]
[Result "1-0"]
[WhiteElo "2418"]
[BlackElo "2341"]
[PlyCount "85"]
[EventDate "2022.08.16"]
[EventType "swiss (blitz)"]
[EventRounds "11"]
[EventCountry "USA"]
[SourceTitle "EXT 2023"]
[Source "ChessBase"]
[SourceDate "2022.10.05"]
[SourceVersion "1"]
[SourceVersionDate "2022.10.05"]
[SourceQuality "1"]

1. Nf3 Nf6 2. g3 g6 3. Bg2 Bg7 4. 0-0 0-0 5. c4 Nc6 6. Nc3 d6 7. Rb1 a5 8. a3 e5 9. d3 Ng4 10. b4 axb4 11. axb4 f5 12. b5 Ne7 13. Qb3 Kh8 14. Bg5 h6 15. Bxe7 Qxe7 16. Nd5 Qd8 17. Nd2 h5 18. e4 f4 19. f3 Ne3 20. Rfe1 Bh6 21. Nxe3 fxe3 22. Nf1 h4 23. Nxe3 hxg3 24. hxg3 Kg7 25. Kf2 Be6 26. Qc3 Ra2+ 27. Rb2 Qa8 28. Rxa2 Qxa2+ 29. Re2 Qa7 30. c5 Bxe3+ 31. Kxe3 Qxc5+ 32. Qxc5 dxc5 33. b6 Rc8 34. bxc7 Rxc7 35. Rb2 Bd7 36. Rb6 Bc6 37. Bh3 Kf6 38. f4 Rh7 39. Bc8 exf4+ 40. gxf4 g5 41. Bxb7 gxf4+ 42. Kxf4 Rxb7 43. Rxc6+ 1-0

[Event "Titled Tuesday intern op 16th Aug Late"]
[Site "Chess.com INT"]
[Date "2022.08.16"]
[Round "6"]
[White "Zamorano, Jorge Adrian"]
[Black "Voege, Tobias"]
[Result "1-0"]
[WhiteElo "2341"]
[BlackElo "2272"]
[PlyCount "141"]
[EventDate "2022.08.16"]
[EventType "swiss (blitz)"]
[EventRounds "11"]
[EventCountry "USA"]
[SourceTitle "EXT 2023"]
[Source "ChessBase"]
[SourceDate "2022.10.05"]
[SourceVersion "1"]
[SourceVersionDate "2022.10.05"]
[SourceQuality "1"]

1. e4 c5 2. Nf3 Nc6 3. Bb5 Na5 4. 0-0 a6 5. Be2 b5 6. a4 b4 7. d4 e6 8. d5 Nf6 9. Bg5 h6 10. Bxf6 gxf6 11. Nbd2 Qc7 12. c3 bxc3 13. bxc3 Bd6 14. Nc4 Nxc4 15. Bxc4 Rg8 16. a5 Be5 17. Qd3 d6 18. Rfb1 Ke7 19. Rb6 Rb8 20. Rab1 Rxb6 21. Rxb6 Bd7 22. Nxe5 fxe5 23. Qb1 Rg6 24. Rxa6 Rg8 25. Qb6 Qxb6 26. Rxb6 Ra8 27. a6 Bc8 28. f3 Ra7 29. Kf2 Kd7 30. Kg3 exd5 31. Bxd5 Rxa6 32. Rxa6 Bxa6 33. Bxf7 Ke7 34. Bd5 Kf6 35. Kh4 Bf1 36. Kg3 Bd3 37. Kf2 Kg5 38. g3 Kf6 39. Ke3 Bb5 40. f4 Bf1 41. h4 Bh3 42. Bc4 Bg4 43. Be2 Bd7 44. Kd2 Be6 45. Bf3 Bf7 46. Kd3 Be6 47. Ke3 Bc4 48. g4 exf4+ 49. Kxf4 Bf7 50. g5+ hxg5+ 51. hxg5+ Kg7 52. Bg4 Bg8 53. Bf5 Bf7 54. e5 dxe5+ 55. Kxe5 Bb3 56. Kd6 c4 57. Kc5 Ba2 58. Be4 Kf7 59. Bd5+ Kg6 60. Bxc4 Bb1 61. Kd6 Kxg5 62. Bd5 Kf4 63. c4 Ke3 64. c5 Bd3 65. c6 Ba6 66. c7 Kd4 67. Kc6 Bc8 68. Kd6 Ba6 69. Be6 Ke4 70. Kc6 Kd4 71. Kb6 1-0

[Event "Titled Tuesday intern op 09th Aug Early"]
[Site "Chess.com INT"]
[Date "2022.08.09"]
[Round "9"]
[White "Zamorano, Jorge Adrian"]
[Black "Jeet, Jain"]
[Result "0-1"]
[WhiteElo "2341"]
[BlackElo "2167"]
[PlyCount "114"]
[EventDate "2022.08.09"]
[EventType "swiss (blitz)"]
[EventRounds "11"]
[EventCountry "USA"]
[SourceTitle "EXT 2023"]
[Source "ChessBase"]
[SourceDate "2022.10.05"]
[SourceVersion "1"]
[SourceVersionDate "2022.10.05"]
[SourceQuality "1"]

1. e4 d5 2. exd5 Nf6 3. d4 Bg4 4. Be2 Bxe2 5. Qxe2 Qxd5 6. Nf3 Nc6 7. c4 Qf5 8. Nc3 e6 9. d5 Nb4 10. 0-0 0-0-0 11. Ng5 exd5 12. Nxf7 Re8 13. Qd1 Rg8 14. cxd5 Nfxd5 15. Nxd5 Nxd5 16. Ng5 Bd6 17. Qh5 Kb8 18. Qxh7 Qxh7 19. Nxh7 Rh8 20. Ng5 Bxh2+ 21. Kh1 Rh5 22. Nh3 Bf4 23. Rd1 Bd6 24. Bd2 Re2 25. Kg1 c6 26. Kf1 Re6 27. Re1 Rf6 28. Re8+ Kc7 29. Rae1 Bc5 30. R1e2 Rhf5 31. R8e6 Rf7 32. R6e5 R5f6 33. Re6 Rxe6 34. Rxe6 Kd7 35. Re2 b5 36. f3 Bb6 37. Ng5 Rf5 38. g4 Rf8 39. Kg2 a5 40. Ne4 Nf4+ 41. Bxf4 Rxf4 42. Rd2+ Kc7 43. Ng3 Rf7 44. Re2 a4 45. Re6 Bd4 46. b3 a3 47. Nf5 Bf6 48. f4 Rd7 49. Kf3 Rd2 50. Re2 Rd1 51. g5 Bb2 52. Re7+ Kb6 53. Nxg7 Ra1 54. Ne6 Rxa2 55. g6 Ra1 56. Re8 Kb7 57. Ra8 Kxa8 0-1

[Event "Titled Tuesday intern op 02nd Aug Late"]
[Site "Chess.com INT"]
[Date "2022.08.02"]
[Round "5"]
[White "Djordjevic, Dejan N"]
[Black "Zamorano, Jorge Adrian"]
[Result "0-1"]
[WhiteElo "2156"]
[BlackElo "2341"]
[PlyCount "54"]
[EventDate "2022.08.02"]
[EventType "swiss (blitz)"]
[EventRounds "11"]
[EventCountry "USA"]
[SourceTitle "EXT 2023"]
[Source "ChessBase"]
[SourceDate "2022.10.05"]
[SourceVersion "1"]
[SourceVersionDate "2022.10.05"]
[SourceQuality "1"]

1. e4 c5 2. Nc3 Nc6 3. g3 d6 4. Bg2 g6 5. h3 Bg7 6. Nge2 Nf6 7. 0-0 0-0 8. d3 Rb8 9. Be3 b5 10. Qd2 b4 11. Nd1 Bb7 12. f4 a5 13. c3 a4 14. cxb4 Nxb4 15. Nf2 Nd7 16. d4 Ba6 17. Rfd1 Nc6 18. e5 Na5 19. Rac1 Nc4 20. Rxc4 Bxc4 21. dxc5 Nxc5 22. Nc1 Qb6 23. exd6 exd6 24. Qxd6 Qxd6 25. Rxd6 Rfc8 26. b3 axb3 27. axb3 Nxb3 0-1

[Event "Titled Tuesday intern op 02nd Aug Late"]
[Site "Chess.com INT"]
[Date "2022.08.02"]
[Round "8"]
[White "Zamorano, Jorge Adrian"]
[Black "Ardila, Oscar Humberto"]
[Result "1-0"]
[WhiteElo "2341"]
[BlackElo "2019"]
[PlyCount "87"]
[EventDate "2022.08.02"]
[EventType "swiss (blitz)"]
[EventRounds "11"]
[EventCountry "USA"]
[SourceTitle "EXT 2023"]
[Source "ChessBase"]
[SourceDate "2022.10.05"]
[SourceVersion "1"]
[SourceVersionDate "2022.10.05"]
[SourceQuality "1"]

1. d4 Nf6 2. c4 g6 3. Nc3 Bg7 4. e4 d6 5. f3 0-0 6. Be3 Nbd7 7. Qd2 e5 8. Nge2 exd4 9. Nxd4 Re8 10. 0-0-0 Ne5 11. h4 h5 12. Kb1 Bd7 13. Bg5 Qc8 14. Be2 a6 15. Rc1 Be6 16. Nd5 Qd8 17. Qf4 Bxd5 18. cxd5 Ned7 19. g4 hxg4 20. h5 gxh5 21. Nf5 Bf8 22. Rxh5 Nxh5 23. Qxg4 Qxg5 24. Qxg5+ Ng7 25. Nxg7 Bxg7 26. Rg1 Kf8 27. Qxg7+ Ke7 28. Qg5+ Kf8 29. Qh4 Ne5 30. f4 Ng6 31. Rxg6 fxg6 32. Qf6+ Kg8 33. Qxg6+ Kf8 34. Qf6+ Kg8 35. Qg6+ Kf8 36. e5 dxe5 37. fxe5 Re7 38. Bc4 Rg7 39. Qf6+ Rf7 40. Qh6+ Rg7 41. d6 cxd6 42. Qf6+ Ke8 43. Qxg7 Kd8 44. Be6 1-0

[Event "Titled Tuesday intern op 24th May Late"]
[Site "Chess.com INT"]
[Date "2022.05.24"]
[Round "5"]
[White "Pesotskiy, Mikhail"]
[Black "Zamorano, Jorge Adrian"]
[Result "1/2-1/2"]
[WhiteElo "2217"]
[BlackElo "2341"]
[PlyCount "79"]
[EventDate "2022.05.24"]
[EventType "swiss (blitz)"]
[EventRounds "11"]
[EventCountry "USA"]
[SourceTitle "EXT 2023"]
[Source "ChessBase"]
[SourceDate "2022.10.05"]
[SourceVersion "1"]
[SourceVersionDate "2022.10.05"]
[SourceQuality "1"]

1. c4 Nf6 2. g3 g6 3. Bg2 Bg7 4. Nf3 0-0 5. 0-0 d6 6. Nc3 Nc6 7. d3 Nh5 8. Rb1 f5 9. Bd2 a5 10. a3 f4 11. b4 axb4 12. axb4 Bg4 13. b5 Nd4 14. Nd5 Bxf3 15. Bxf3 Nxf3+ 16. exf3 e5 17. Kg2 Nf6 18. Nxf6+ Qxf6 19. Bc3 Ra2 20. Ra1 Rxa1 21. Bxa1 h5 22. Bc3 g5 23. Qe2 g4 24. Qe4 b6 25. fxg4 hxg4 26. f3 Qg5 27. Bd2 Qh5 28. gxf4 Qh3+ 29. Kg1 g3 30. hxg3 Qxg3+ 31. Kh1 Qh3+ 32. Kg1 Qg3+ 33. Kh1 Qh3+ 34. Kg1 Rf5 35. Kf2 exf4 36. Rg1 Qh4+ 37. Kf1 Qh3+ 38. Kf2 Qh4+ 39. Kf1 Qh3+ 40. Kf2 1/2-1/2

[Event "Titled Tuesday intern op 24th May Late"]
[Site "Chess.com INT"]
[Date "2022.05.24"]
[Round "9"]
[White "Sargsyan, Anna M"]
[Black "Zamorano, Jorge Adrian"]
[Result "1/2-1/2"]
[WhiteElo "2378"]
[BlackElo "2341"]
[PlyCount "141"]
[EventDate "2022.05.24"]
[EventType "swiss (blitz)"]
[EventRounds "11"]
[EventCountry "USA"]
[SourceTitle "EXT 2023"]
[Source "ChessBase"]
[SourceDate "2022.10.05"]
[SourceVersion "1"]
[SourceVersionDate "2022.10.05"]
[SourceQuality "1"]

1. d4 Nf6 2. c4 e6 3. Nf3 b6 4. g3 Ba6 5. Qc2 Bb4+ 6. Nbd2 Bb7 7. Bg2 0-0 8. 0-0 Bxd2 9. Bxd2 Be4 10. Qc1 d6 11. Rd1 Nbd7 12. Bh3 Bxf3 13. exf3 c6 14. Be3 d5 15. b3 Rc8 16. Qb2 Qe7 17. a4 a5 18. Rac1 Rfd8 19. Bd2 c5 20. Be3 cxd4 21. Bxd4 dxc4 22. bxc4 Rc6 23. f4 Rdc8 24. Qe2 Qb4 25. f5 e5 26. Bxe5 Re8 27. f4 Qc5+ 28. Kh1 Nxe5 29. fxe5 Qxe5 30. Qxe5 Rxe5 31. Bg2 Rc8 32. Rd6 h5 33. Rxb6 Rec5 34. Rb5 Rxc4 35. Rxc4 Rxc4 36. h3 Rxa4 37. Rb8+ Kh7 38. Ra8 Ra3 39. Kh2 a4 40. Ra7 Kg8 41. Ra8+ Kh7 42. Ra7 Ra2 43. Rxf7 a3 44. Ra7 Ra1 45. g4 hxg4 46. hxg4 Nxg4+ 47. Kg3 Nf6 48. Kh2 Kh6 49. Kg3 Nh5+ 50. Kf2 Nf6 51. Bf3 Ra2+ 52. Kg3 Ra1 53. Kg2 a2 54. Kh2 Kg5 55. Bg2 Kh6 56. Ra5 Ng4+ 57. Kg3 Ne3 58. Bf3 Nc4 59. Ra4 Nd2 60. Bg2 Nb1 61. Ra5 Nc3 62. Ra3 Ne2+ 63. Kf2 Nd4 64. Kg3 Nxf5+ 65. Kh2 Nd4 66. Ra6+ g6 67. Bd5 Ne2 68. Rxa2 Rxa2 69. Bxa2 Nf4 70. Bb1 Kg5 71. Bxg6 1/2-1/2